000 00728nam a2200289Ia 4500
005 20260324123800.0
008 008 260324s9999 xx 000 0 eng d
020 _a9780429251177
037 _aEBOOK
040 _aCRL
040 _beng
040 _cCRL
041 _2eng
041 _aeng
084 _qCRL
100 _aDouglas B. Relyea
_91165626
245 4 _aThe Practical Application of the Process Capability Study
245 0 _bEvolving From Product Control to Process Control
260 _bTaylor and Francis
260 _c2011
365 _a
365 _b290
856 _uhttp://www.taylorfrancis.com/books/9780429251177
942 _cEBOOK
999 _c1765448
_d1765448